000 00292pab a2200109 454500
008 180718b xxu||||| |||| 00| 0 eng d
100 _aMukherjee, Subrata
245 _aRoad to reform - how valid is the dependency theory?
650 _aEconomic Development
773 _aStatesman
909 _a21701
999 _c21701
_d21701